Making a People's Budget in Porto Alegre /

Guardado en:
Bibliografiske detaljer
Hovedforfatter: Wainwright, Hilary
Format: Texto
Fag:
Tags: Tilføj Tag
Ingen Tags, Vær først til at tagge denne postø!

MARC

LEADER 00000 a a2200000 04500
001 9983
003
040
100 |a Wainwright, Hilary  
245 |a Making a People's Budget in Porto Alegre /  |c Hilary Wainwright 
650 |a PARTICIPACION COMUNITARIA  
650 |a PARTICIPACION SOCIAL  
650 |a ORGANIZACION POPULAR  
650 |a BRASIL  
773 |g volumen 36, número 5; páginas 37-42  
999 |c 38753  |d 38753